Central Library OPAC University of Rajshahi

Educational and psychological assessment of exceptional children : (Record no. 3852)

MARC details
000 -LEADER
fixed length control field 00922nam a2200277 a 4500
001 - CONTROL NUMBER
control field 3852
003 - CONTROL NUMBER IDENTIFIER
rucl marc code BD-RjUL
005 - DATE AND TIME OF LATEST TRANSACTION
control field 20211208233807.0
008 - FIXED-LENGTH DATA ELEMENTS--GENERAL INFORMATION
fixed length control field 170105s1982 moua b 001 0 eng d
020 ## - INTERNATIONAL STANDARD BOOK NUMBER
International Standard Book Number 0801648424
035 ## - SYSTEM CONTROL NUMBER
System control number (BD-RjUL)3886
040 ## - CATALOGING SOURCE
Original cataloging agency DLC
Transcribing agency DLC
Modifying agency DLC
-- BD-RjUL
Language of cataloging eng
041 ## - LANGUAGE CODE
Language code of text/sound track or separate title eng
082 00 - DEWEY DECIMAL CLASSIFICATION NUMBER
Classification number 371.9042
Edition number 23
Author mark and year SWE 1982
100 1# - MAIN ENTRY--PERSONAL NAME
Personal name Swanson, H. Lee,
Dates associated with a name 1947-
9 (RLIN) 181855
245 10 - TITLE STATEMENT
Title Educational and psychological assessment of exceptional children :
Remainder of title theories, strategies, and applications /
Statement of responsibility, etc. H. Lee Swanson, Billy L. Watson.
260 ## - PUBLICATION, DISTRIBUTION, ETC. (IMPRINT)
Place of publication, distribution, etc. St. Louis :
Name of publisher, distributor, etc. Mosby,
Date of publication, distribution, etc. c1982.
300 ## - PHYSICAL DESCRIPTION
Pagination xvii, 468 p. :
Illustrations ill. ;
Size 25 cm.
500 ## - GENERAL NOTE
General note Includes index.
504 ## - BIBLIOGRAPHY, ETC. NOTE
Bibliography, etc Bibliography: p. 431-454.
650 #0 - SUBJECT ADDED ENTRY--TOPICAL TERM
Topical term or geographic name as entry element Educational tests and measurements.
9 (RLIN) 181266
Topical term or geographic name as entry element Special education.
9 (RLIN) 177644
Topical term or geographic name as entry element Ability
General subdivision Testing.
9 (RLIN) 181856
700 1# - ADDED ENTRY--PERSONAL NAME
Personal name Watson, Billy L.,
Dates associated with a name 1933-
942 ## - ADDED ENTRY ELEMENTS (KOHA)
Source of classification or shelving scheme Dewey Decimal Classification
Koha item type Books
Holdings
Lost status Source of classification or shelving scheme Damaged status Not for loan Collection code Permanent Location Current Location Shelving location Date acquired Total Checkouts Full call number Date last seen Copy number Koha item type
  Dewey Decimal Classification   Not For Loan Non-fiction Central Library, University of Rajshahi Central Library, University of Rajshahi Reading Room 22/05/1989   371.9042 SWE 1982 05/01/2017 C-1 Books